000 00329nam a2200145Ia 4500
005 20251222153649.0
008 251222s9999||||xx |||||||||||||| ||spa||
020 _a8486344654
082 _a158.1/H28
100 _aHay, Louise L.
245 0 _aUsted Puede Sanar su Vida
250 _a1ra.ed.
264 _bUrano
942 _cLIB
999 _c33059
_d33059